YY's General Knowledge - Multiple Choice #2 - Statistics

General Stats
  • This quiz has been taken 830 times
  • The average score is 7 of 15
Answer Stats
Question Answer % Correct
Shania Twain's hit " That Dont Impress Me Much" mentions which famous actor ? Brad Pitt
85%
What is the main alcoholic ingredient in a "Cuban Sunset" cocktail ? Rum
83%
Kicking Horse Dam and Reservoir are in which US State ? Montana
63%
The line that indicates the draft of a ship and the legal limit to which it may be loaded is known as what ? Plimsoll Line
61%
Which comedy duo are known as "Flip i Flap" in Poland ? Laurel and Hardy
56%
Which artist was famous for his paintings of "Matchstalk men and matchstalk cats and dogs" ? L. S. Lowry
54%
Copa Airlines is the national airline of which country ? Panama
51%
A Dodecahedron has how many sides ? 12
46%
At what age was Anne Hathaway, when she married an 18 year old William Shakespeare ? 26
34%
What are the only 2 Motor Racing Grand Prix staged every year since 1950 ? British and Italian
32%
"Sarcophilus harrisii" is the scientific name of which animal ? Tasmanian Devil
32%
Jasper National Park is in which Canadian Province ? Alberta
29%
Who was the first Prime Minister of the United Kingdom ? Robert Walpole
29%
What do Mozart, Blind Willie Johnson, Chuck Berry and Valya Balkanska have in common ? All on Voyager 1's Gold Disc
12%
Danube is a station on the Underground Metro system of which city ? Paris
10%
No matching quizzes found
Score Distribution
Percent of People with Each Score
Percentile by Number Answered
Your Score History
You have not taken this quiz